00973nam a22002537a 45000010005000000030006000050050017000110080041000280200018000690400029000870500017001160820011001331000035001442450122001792500041003012600036003423000045003785050007004235200201004305210019006315210018006506500029006686500022006978318FISKH20250909085956.0250909b cb ||||| |||| 00| 0 eng d a9780064434287 aFISKHbengcFISKHdFISKH aND237.L29 A4 a759.13 aLawrence, Jacobd(1917–2000) aThe great migration /cAn American story paintings by Jacob Lawrence with a poem in appreciation by Walter Dean Myers aThis edition first published in 1995 aNew York :bHarperTrophy,c1993 a60 pages :bcolor illustrations ;c23 cm aZ  aA series of paintings chronicles the journey of African Americans who, like the artist's family, left the rural South in the early twentieth century to find a better life in the industrial North. 8 a1040 bLexile 8 aZ bRaz-Plus  2American SouthaChildren 2MigrationaRacism